000 00672nam a2200217Ia 4500
003 OSt
005 20251208122528.0
008 220917b |||||||| |||| 00| 0 eng d
037 _cTB
040 _aARTS
_cARTS
_beng
041 _2eng
_aeng
084 _aQ7:(R1) L0
_qAL
100 _aVon Grunebaum G E ed
_949105
245 0 _aLogic in classical Islamic culture
260 _aWiesbaden,Western German:
_bOtto Harrassowitz,
_c1970.
300 _a142p.
_ccm.
490 _aGiorgio Levi Della Vida conferences ed by G E Von Grunebaum
650 _aRELIGION
_9855187
942 _hQ7:(R10), L0
_cTB
_2CC
_n0
999 _c151791
_d151791